000 00566nam a2200181Ia 4500
008 090124s9999 xx 000 0 und d
082 _b19029
_a2275
100 _aगाडगीळ पां. वा.
245 _a आजचे आर्थिक संकट
250 _a1
260 _c1974
300 _a120
600 _aगाडगीळ पां. वा.
630 _a आजचे आर्थिक संकट
700 _aगाडगीळ पां. वा.
730 _a आजचे आर्थिक संकट
942 _cBOOK
999 _c132970
_d132970